Скалните манастири в България - ІІ част [видео DVD] (Запис номер 223475)
[ съкратено ]
| 000 -Лидер | |
|---|---|
| Контролно поле с фиксирана дължина | 03063ngm a2200661 c 4500 |
| 003 - Код на организацията, давaща контролен номер | |
| Контролно поле | BLK |
| 005 - Дата и час на последна редакция | |
| Контролно поле | 20240528135003.0 |
| 008 - Елементи от данни с фиксирана дължина | |
| fixed length control field | 180410b bul||n||s|||||||| n|bulo| |
| 010 ## - Наследен системен номер | |
| LC control number | CDD00005202000 |
| 040 ## - Източник на каталожния запис | |
| Идентификатор на билиотеката - собственик на записа | BLK |
| 041 ## - Код за език | |
| Код за езика на текст/звукозапис или на отделно заглавие | Български |
| Код за езика КДБФ | Български |
| 072 #7 - Код за тематичната категория | |
| Код организация | bullib |
| Код за тематична категория | Ф0602 |
| Текст | Документални филми Ф |
| 072 #7 - Код за тематичната категория | |
| Код организация | bullib |
| Код за тематична категория | К |
| Текст | Краезнание |
| 080 ## - УДК | |
| Текстов определител УДК | Християнски монашески ордени. Манастири. Монаси. Отшелници |
| УДК код - определител по УДК | 27-788 |
| УДК определител | (497.21-22)(091) |
| УДК - код + определител | 27-788(497.21-22)(091) |
| 080 ## - УДК | |
| Текстов определител УДК | Църковна архитектура |
| УДК код - определител по УДК | 726 |
| УДК определител | .03(497.21-22) |
| УДК - код + определител | 726.03(497.21-22) |
| 080 ## - УДК | |
| Текстов определител УДК | Религиозна живопис |
| УДК код - определител по УДК | 75.046 |
| УДК определител | .03(497.21-22) |
| УДК - код + определител | 75.046.03(497.21-22) |
| 080 ## - УДК | |
| Текстов определител УДК | Филмова информация. Кинохроники |
| УДК код - определител по УДК | 791.43-92 |
| УДК - код + определител | 791.43-92 |
| 139 ## - Редно поле | |
| Редна дума | Скалните манастири в България - ІІ част [видео DVD] |
| Авторски знак | Ск - С 39 |
| 245 10 - Сведения за заглавието | |
| Заглавие | Скалните манастири в България - ІІ част [видео DVD] |
| Редно поле (дума) | сценарист Димчо Петров; режисьор Елена Машкова; оператор Стилян Антонов. |
| 257 ## - Страна на издаване | |
| Страна на създаване/издаване | България |
| 260 ## - Област на издателските данни | |
| Име на издателя, разпространителя и проч. | Регион. телевизионен център |
| Година на издаване | [2008] |
| 300 ## - Физическа характеристика | |
| Страници | (1,19 GB) |
| Размери/Мащаб | 12 см |
| 380 ## - Жанр | |
| Жанр | Изкуство |
| 490 ## - СЕРИИ (Колекции) | |
| Име на серия | Опознайте историята и забележителностите на родния край с филмите на РТВЦ - Русе |
| 500 ## - Общи забележки | |
| Забележка | Дигитално изд. |
| 650 #4 - Допълнително описание по предмет – тема | |
| Основно описание – тема или топоним | Манастири - Русенски край - история |
| 9 (RLIN) | 271763 |
| 650 #4 - Допълнително описание по предмет – тема | |
| Основно описание – тема или топоним | Скални изображения |
| 9 (RLIN) | 171020 |
| 650 #4 - Допълнително описание по предмет – тема | |
| Основно описание – тема или топоним | Архитектура, църковна - Русе и Русенски край |
| 9 (RLIN) | 301706 |
| 650 #4 - Допълнително описание по предмет – тема | |
| Основно описание – тема или топоним | Стенописи, български - Иваново, Русенско |
| 9 (RLIN) | 301701 |
| 650 #4 - Допълнително описание по предмет – тема | |
| Основно описание – тема или топоним | Манастири - България - история и архитектура |
| 9 (RLIN) | 262421 |
| 651 #4 - Допълнително описание по предмет - топоним | |
| Географско понятие | Русенско |
| 9 (RLIN) | 179464 |
| 651 #4 - Допълнително описание по предмет - топоним | |
| Географско понятие | Иваново |
| 9 (RLIN) | 178930 |
| 651 #4 - Допълнително описание по предмет - топоним | |
| Географско понятие | Червен |
| 9 (RLIN) | 179772 |
| 651 #4 - Допълнително описание по предмет - топоним | |
| Географско понятие | Нисово |
| 9 (RLIN) | 179275 |
| 651 #4 - Допълнително описание по предмет - топоним | |
| Географско понятие | Крепча |
| 9 (RLIN) | 179086 |
| 651 #4 - Допълнително описание по предмет - топоним | |
| Географско понятие | Басарбово |
| 9 (RLIN) | 178583 |
| 651 #4 - Допълнително описание по предмет - топоним | |
| Географско понятие | България |
| 9 (RLIN) | 241624 |
| 653 ## - Ключова дума – ненормативна | |
| Ключова дума | скални манастири |
| 653 ## - Ключова дума – ненормативна | |
| Ключова дума | Ивановски скални църкви |
| 653 ## - Ключова дума – ненормативна | |
| Ключова дума | стенописи |
| 653 ## - Ключова дума – ненормативна | |
| Ключова дума | скални изображения |
| 653 ## - Ключова дума – ненормативна | |
| Ключова дума | Поломие |
| 653 ## - Ключова дума – ненормативна | |
| Ключова дума | документални филми |
| 659 ## - Тематичен бюлетин | |
| Тематичен бюлетин | К |
| 659 ## - Тематичен бюлетин | |
| Тематичен бюлетин | Ф |
| 700 1# - Други автори (авторска отговорност) | |
| Лично име | Петров, Димчо |
| Автороска отговорност (Описва отношението между автора и произведението) | сценарист |
| 9 (RLIN) | 354990 |
| 700 1# - Други автори (авторска отговорност) | |
| Лично име | Машкова, Елена |
| Автороска отговорност (Описва отношението между автора и произведението) | режисьор |
| 9 (RLIN) | 354991 |
| 700 1# - Други автори (авторска отговорност) | |
| Лично име | Антонов, Стилян |
| Автороска отговорност (Описва отношението между автора и произведението) | оператор |
| 9 (RLIN) | 354987 |
| 852 ## - Местоположение | |
| Форматна сигнатура | Цб CD 2995 |
| Част | 0 |
| 852 ## - Местоположение | |
| Форматна сигнатура | К 2/С 39 |
| 856 4# - Електронен адрес и достъп | |
| Електронен формат | pdf - файл |
| Път до файла /url/ | |
| 856 4# - Електронен адрес и достъп | |
| Електронен формат | pdf - файл |
| Път до файла /url/ | |
| 942 ## - АРТИКУЛИ | |
| Вид на библиотечния материал | Компактдискове |
| Скрит в OPAC | Не |
| Периодичен библиозапис | Да |
| 944 ## - СЪЗДАВАНЕ И РЕДАКЦИЯ на ЗАПИСА | |
| Създаване/Редакция | Създаване |
| Дата на регистрацията/редакция | 19.10.2011 |
| Служител, извършил регистрацията/редакцията | 30545 |
| Статус, дата на статуса | Нора Радева |
| 944 ## - СЪЗДАВАНЕ И РЕДАКЦИЯ на ЗАПИСА | |
| Създаване/Редакция | Редакция |
| Дата на регистрацията/редакция | 18.09.2013 |
| 999 ## - СИСТЕМНИ КОНТРОЛНИ НОМЕРА | |
| Koha biblionumber | 223475 |
| Koha biblioitemnumber | 223475 |
| 999 ## - СИСТЕМНИ КОНТРОЛНИ НОМЕРА | |
| Koha biblioitemnumber | 223475 |
| 999 ## - СИСТЕМНИ КОНТРОЛНИ НОМЕРА | |
| Koha biblioitemnumber | 223475 |
| Код за отписване | Код за изгубен артикул | Източник на класификационната схема | Код за повреда | Коз за рестрикции | Код за отдаване | Артикулен № | Име на библиотеката - собственик | Име на библиотеката, в която се намира в момента | Статус (Текущо местоположение) | Дата на вписване в системата | Местоположение - отдел | Цена в лева | Инвентарен номер | Систематично азбучна сигнатура | Баркод | Номер на екземпляра | Цена в евро | Служебна бележка | Служебен тип на артикула |
|---|---|---|---|---|---|---|---|---|---|---|---|---|---|---|---|---|---|---|---|
| Не е изгубен | Universal Decimal Classification | Не е повреден | без рестрикции | заемане за дома | 395500 | Регионална библиотека "Любен Каравелов" Русе | Регионална библиотека "Любен Каравелов" Русе | Отдел Изкуство - подръчен фонд | 2011-10-19 | Отдел Изкуство - подръчен фонд | 10.00 | 250000004729 | 791.229/С 39 | 250000004729 | 1 | 5.11 | Дост: DA Вид: А N: 16 Дата: 19.10.2011 Съставил: Валя_Йорданова | Компактдискове | |
| Не е изгубен | Universal Decimal Classification | Не е повреден | без рестрикции | ползва се в читалня | 395501 | Регионална библиотека "Любен Каравелов" Русе | Регионална библиотека "Любен Каравелов" Русе | Краезнание | 2011-10-19 | Краезнание | 10.00 | 250000004730 | К 2/С 39 | 250000004730 | 2 | 5.11 | Дост: DA Вид: А N: 16 Дата: 19.10.2011 Съставил: Валя_Йорданова | Компактдискове |